| 000 | 00677nam a22002177a 4500 | ||
|---|---|---|---|
| 003 | BD-DhUL | ||
| 005 | 20160512124158.0 | ||
| 008 | 160512s1969 mdua|||| |||| 001 0 eng | ||
| 020 | _a801810612 | ||
| 040 |
_aBD-DhUL _cBD-DhUL |
||
| 082 |
_a330.9519 _bADP |
||
| 245 |
_aPractical approaches to development planning : _bKorea's second five year plan / _cedited by Irma Adelman |
||
| 260 |
_aBaltimore,Maryland : _bJohns Hopkins press, _c1969 |
||
| 300 |
_axiv, 306 p. : _bill., ; _c23 cm. |
||
| 365 |
_aBDT _b144 |
||
| 500 | _aIncludes index. | ||
| 504 | _aBibliography:p. 293-300 | ||
| 650 | 0 |
_aEconomic conditions _zKorea |
|
| 700 |
_aAdelman, Irma _eed. |
||
| 942 |
_2ddc _cBK |
||
| 999 |
_c63950 _d63950 |
||